| 000 | 01082cam a22003134a 4500 | ||
|---|---|---|---|
| 999 |
_c478508 _d478508 |
||
| 001 | 12369501 | ||
| 003 | NUST | ||
| 005 | 20180601062859.0 | ||
| 008 | 010404s2002 caua b 001 0 eng | ||
| 010 | _a 2001035128 | ||
| 020 | _a0534379966 (alk. paper) | ||
| 038 | _aSNS Library | ||
| 040 |
_aDLC _cDLC _dDLC |
||
| 042 | _apcc | ||
| 050 | 0 | 0 |
_aTA357 _b.P725 2002 |
| 082 | 0 | 0 |
_a620.1/06 _221 |
| 100 | 1 |
_aPotter, Merle C. _93288 |
|
| 245 | 1 | 0 |
_aMechanics of fluids _cMerle C. Potter ... [et al.]. |
| 250 | _a3rd ed. | ||
| 260 |
_aPacific Grove, CA : _bBrooks Cole /Thompson Learning, _cc2002. |
||
| 300 |
_axvi, 863 p. : _bill. (some col.) ; _c25 cm. |
||
| 504 | _aIncludes bibliographical references and index. | ||
| 650 | 0 |
_aFluid mechanics. _91678 |
|
| 700 | 1 |
_aWiggert, D. C. _93289 |
|
| 700 | 1 |
_aHondzo, Midhat. _910729 |
|
| 906 |
_a7 _bcbc _corignew _d1 _eocip _f20 _gy-gencatlg |
||
| 942 |
_2ddc _cBK |
||